| 000 | 00777nam a2200241 i 4500 | ||
|---|---|---|---|
| 001 | bg | ||
| 100 | 1 | _aMADERTHANER, Wolfgang | |
| 245 | 1 | 0 |
_aJak zdobyć klienta : _bkoncepcja sukcesu w walce konkurencyjnej o wyparcie z rynku / _cWolfgang Maderthaner ; [z niem. tł. Michał Rusiński]. |
| 260 |
_aWarszawa : _bWydaw. Naukowe PWN, _c1992. |
||
| 300 |
_a175 s. : _brys., wykr. ; _c24 cm. |
||
| 650 | 9 |
_aKonkurencja _xzagadnienia |
|
| 650 | 9 |
_aMarketing _xbadanie |
|
| 650 | 9 |
_aPrzedsiębiorstwo _xorganizacja |
|
| 650 | 9 |
_aRynek _xbadanie |
|
| 700 | 1 |
_aRUSIŃSKI, Michał. _eTł. |
|
| 020 | _a8301109688 | ||
| 040 | _cBPK | ||
| 041 | 1 |
_apl _hde |
|
| 080 | _a339.138:658.8:658.1/.5 | ||
| 920 | _a83-01-10968-8 | ||
| 942 | _cKS | ||
| 008 | s pl f |000 0 pol | ||
| 999 |
_c24773 _d24773 |
||
| 856 |
_uhttp://koha.tu.koszalin.pl/cgi-bin/koha/opac-detail.pl?biblionumber=24773 _yKatalog online BPK |
||